| Tag |
First Indicator |
Second Indicator |
Subfields |
| LEADER |
00000cam a22000001a 4500 |
| 001 |
in00003350421 |
| 006 |
m d f |
| 007 |
cr bn mmmapmmp |
| 008 |
110210s2004 dcu o f000 0 eng d |
| 005 |
20260429185712.0 |
| 035 |
|
|
|a cis2007800477
|
| 040 |
|
|
|a ProQuest
|c ProQuest
|d UtOrBLW
|
| 043 |
|
|
|a n-us---
|
| 099 |
|
|
|a CMP-2004-CBO-0109
|
| 110 |
1 |
|
|a United States.
|b Congressional Budget Office.
|
| 245 |
1 |
0 |
|a Would Prescription Drug Importation Reduce U.S. Drug Spending :
|b CBO Economic and Budget Issue Brief /
|c United States Congressional Budget Office, One Hundred Eigth Congress, second session.
|
| 264 |
|
1 |
|a Washington :
|b U.S. G.P.O.,
|c 2004.
|
| 300 |
|
|
|a 1 online resource.
|
| 336 |
|
|
|a text
|b txt
|2 rdacontent
|
| 337 |
|
|
|a computer
|b c
|2 rdamedia
|
| 338 |
|
|
|a online resource
|b cr
|2 rdacarrier
|
| 500 |
|
|
|a Record is based on bibliographic data in ProQuest U.S. Congressional Research Digital Collection. Reuse except for individual research requires license from ProQuest, LLC.
|
| 500 |
|
|
|a Electronic resource.
|
| 650 |
|
0 |
|a Drugs
|x Prices
|z United States.
|
| 655 |
|
7 |
|a Electronic books.
|2 local
|
| 710 |
2 |
|
|a ProQuest (Firm)
|
| 776 |
0 |
8 |
|i Print version:
|a United States. Congressional Budget Office.
|t Would Prescription Drug Importation Reduce U.S. Drug Spending
|
| 776 |
0 |
8 |
|i Microfiche version:
|a United States. Congressional Budget Office.
|t Would Prescription Drug Importation Reduce U.S. Drug Spending
|d [Bethesda, Md.] : ProQuest,[2004]
|o CIS 2004 J932-51
|w (ProQuest)cis00401657
|
| 830 |
|
0 |
|a U.S. Congressional Research.
|
| 856 |
4 |
0 |
|u http://proxy.library.tamu.edu/login?url=https://congressional.proquest.com/congcomp/getdoc?CRDC-ID=CMP-2004-CBO-0109
|z Connect to the full text of this electronic book
|t 0
|
| 998 |
|
|
|a cis00401657
|
| 999 |
|
|
|a MARS
|
| 999 |
f |
f |
|s e3fbf7c9-f37b-34f5-bf9c-f9cb5575d567
|i 1c4e1e58-a391-355b-829e-ebe877ace0e5
|t 0
|
| 952 |
f |
f |
|a Texas A&M University
|b College Station
|c Electronic Resources
|s www_evans
|d Available Online
|t 0
|e CMP-2004-CBO-0109
|h Other scheme
|
| 998 |
f |
f |
|a CMP-2004-CBO-0109
|t 0
|l Available Online
|